Biblioteca histórico-genealógica asturiana / (Record no. 185609)

MARC details
000 -LEADER
campo de control de longitud fija 01192nam a2200193 i 4500
001 - NÚMERO DE CONTROL
campo de control 185609
003 - IDENTIFICADOR DE NÚMERO DE CONTROL
campo de control ES-MaACL
005 - FECHA Y HORA DE LA ÚLTIMA TRANSACCIÓN
campo de control 20230906222457.0
008 - DATOS DE LONGITUD FIJA--INFORMACIÓN GENERAL
campo de control de longitud fija 160728s19241928cl |||| | spa d
245 00 - MENCIÓN DEL TÍTULO
Título Biblioteca histórico-genealógica asturiana /
Mención de responsabilidad, etc. publicada bajo la dirección de Senén Alvarez de la Rivera M.
260 ## - PUBLICACIÓN, DISTRIBUCIÓN, ETC.
Lugar de publicación, distribución, etc. Santiago de Chile :
Nombre del editor, distribuidor, etc. [s.n.],
Fecha de publicación, distribución, etc. 1924-1928 (
Fabricante Imp. Cervantes)
300 ## - DESCRIPCIÓN FÍSICA
Extensión 3 v. ;
Dimensiones 27 cm.
505 8# - NOTA DE CONTENIDO CON FORMATO
Nota de contenido con formato Contiene: v. 1. I. Apuntamientos genealógicos para la inteligencia de las casas nobles de Asturias : manuscrito inédito del siglo XVII. II. Memorias de varones célebres asturianos : manuscrito inédito del siglo XIX / por D. José Caveda y Nava (247 p., 9 h. de lám.) -- v. 2. Solar de la Casa de Olloniego / de D. Felipe Bernardo de Quirós, obra escrita en el año 1688 (339 p., 10 h. de lám.) -- v. 3. Libro de recepciones del Colegio de San Pelayo de Salamanca : manuscrito inédito (323 p.)
651 #4 - PUNTO DE ACCESO ADICIONAL DE MATERIA--NOMBRE GEOGRÁFICO
Nombre geográfico Asturias (Comunidad Autónoma)-
Subdivisión general Genealogía.
9 (RLIN) 7831
700 1# - ENTRADA AGREGADA--NOMBRE PERSONAL
Nombre de persona Alvarez de la Rivera M., Senén.
9 (RLIN) 20761
700 0# - ENTRADA AGREGADA--NOMBRE PERSONAL
Nombre de persona Caveda y Nava, José.
9 (RLIN) 37175
700 1# - ENTRADA AGREGADA--NOMBRE PERSONAL
Nombre de persona Bernaldo de Quirós, Felipe.
9 (RLIN) 160222
852 ## - LOCALIZACIÓN
Ubicación ES-MaACL
Número de control de estantería B-12994-96
Holdings
Estatus retirado Estado de pérdida Estado de daño No para préstamo Biblioteca de origen Biblioteca actual Ubicación en estantería Fecha de adquisición Fuente de adquisición Total de préstamos Signatura topográfica completa Código de barras Visto por última vez Precio de reemplazo Tipo de ítem Koha
        Biblioteca del Ateneo de Madrid Biblioteca del Ateneo de Madrid Sala Pardo Bazán 28/07/2016     B-12994-98 1195656 23/02/2023 23/02/2023 Libro impreso